000
00238nam a22001097a 4500
999
_c
12892
_d
12892
020
_a
9788131252871
082
_a
612.015
100
_a
Sucheta P Dandekar
245
_a
Medical Biochemistry
260
_a
India
_b
Elsevier
_c
2018
942
_c
BK